=LDR 00000nam 2200000 4500 =001 INLIS000000000038932 =005 20230221022051 =035 ##$$a 0010-061300000038932 =008 230221################g##########0#ind## =041 ##$$a ind =082 ##$$a 813 =090 ##$$a 813, Tan p =100 ##$$a TAN, Amy =245 1#$$a Putri sang tabib tulang /$c Amy tan; Alih bahasa, Ade dina sigarlaki =260 ##$$a Jakarta :$b Gramedia Pustaka Utama,$c 2005 =300 ##$$a 384 Hlm, ; $c 23 Cm =650 #4$$a FIKSI =850 ##$$a NBPNMAT =020 ##$$a 979-22-1529-8 =084 ##$$a 813 TAN p =710 #$$a SIGARLAKI, Ade =990 ##$$a 21400613/BPAP-NTB/20142014 =990 ##$$a 21111507 =990 ##$$a 09830983 =990 ##$$a 30709023 =990 ##$$a 21400613/BPAP-NTB/20142014 =990 ##$$a 21111507 =990 ##$$a 21111508 =990 ##$$a 21111507 =990 ##$$a 30709023